| 000 | 00460nam a2200181Ia 4500 | ||
|---|---|---|---|
| 003 | GCL | ||
| 008 | 140319s9999 xx 000 0 eng d | ||
| 040 |
_aGCL / _cGCL |
||
| 082 | 0 | 4 |
_a843 _bS E |
| 100 | 1 | _aSARRAUTE, NATHALIE | |
| 245 | 1 | 0 |
_aENTRE LA VIE ET LA MORT / _cSARRAUTE, NATHALIE |
| 260 |
_a[S.N] : _bFOLIO ، _c1992 |
||
| 300 | _a175 P | ||
| 490 |
_aCOLLECTION FOLIO _v0 |
||
| 650 | 0 | 4 | _aLITERATURE |
| 650 | 0 | 4 | _aFRENCH LITERATURE |
| 942 |
_2ddc _cBK |
||
| 999 |
_c22326 _d22326 |
||